000 01322nam0a22002891 4500
001 rc\601931
005 20250621180949.0
035 _a(NLR Aleph) 005846250
090 _a5731288
_c5731288
100 _a20031121d1986 |||y0rusy50 ca
101 0 _arus
102 _aRU
105 _aa |||||||||
200 1 _aЧерный соболь
_eПовесть. Рассказы
_e[Для ст. шк. возраста]
_eПер. с бурят.
_fДаши-Дымбрыл Дугаров
_g[Худож. С.С. Чеботарев]
210 _aУлан-Удэ
_cБурят. кн. изд-во
_d1986
215 _a157, [3] с.
_cил.
_d21
300 _aПеред вып. дан. авт.: Даши-Дымбрыл Дармабазарович Дугаров
327 1 _aСодерж.: Черный соболь: Повесть; Рассказы: Эхо далеких выстрелов; Моя дорога
464 0 _12001#$aЧерный соболь
_tЧерный соболь
464 0 _12001#$aЭхо далеких выстрелов
_tЭхо далеких выстрелов
464 0 _12001#$aМоя дорога
_tМоя дорога
700 1 _aДугаров
_bД.-Д.
_gДаши-Дымбрыл
801 0 _aRU
_bNLR
_gpsbo
801 1 _aRU
_bELAR
_2rusmarc
852 _aNLR
_j86-3/5906
942 _cBOOK
980 _aNB